[Event "13. OIBM 2009"]
[Site "Bad Wiessee"]
[Date "2009.11.06"]
[Round "7.2"]
[White "Milov, Leonid"]
[Black "Krivoborodov, Egor"]
[Result "1/2-1/2"]
[WhiteElo "2558"]
[BlackElo "2453"]
[PlyCount "75"]
[EventDate "2009.10.31"]

1. e4 c5 2. Nf3 Nc6 3. d4 cxd4 4. Nxd4 Nf6 5. Nc3 d6 6. f3 e5 7. Nb3 Be7 8. Be3
O-O 9. Qd2 a5 10. Bb5 Be6 11. Rd1 Na7 12. Bd3 Nc6 13. a3 a4 14. Nc1 Nd4 15. O-O
Qb6 16. Nb5 Bd7 17. c3 Bxb5 18. cxd4 exd4 19. Bf2 d5 20. e5 Nd7 21. Bxb5 Qxb5
22. Qxd4 Rfd8 23. Na2 Bc5 24. Qxd5 Qb6 25. Qd6 Qa5 26. Qd2 Bxf2+ 27. Qxf2 Nxe5
28. Nb4 Nc4 29. Rd4 Rxd4 30. Qxd4 Rc8 31. Rd1 h6 32. Nd5 Qc5 33. Qxc5 Rxc5 34.
Rc1 Rxd5 35. Rxc4 Rd1+ 36. Kf2 Rd2+ 37. Kg3 Rxb2 38. Rxa4 1/2-1/2

[Event "13. OIBM 2009"]
[Site "Bad Wiessee"]
[Date "2009.11.06"]
[Round "7.3"]
[White "Heinz, Axel"]
[Black "Khenkin, Igor"]
[Result "1/2-1/2"]
[WhiteElo "2436"]
[BlackElo "2613"]
[PlyCount "40"]
[EventDate "2009.10.31"]

1. e4 c5 2. Nf3 e6 3. d4 cxd4 4. Nxd4 Nf6 5. Nc3 Nc6 6. Nxc6 bxc6 7. e5 Nd5 8.
Ne4 Qc7 9. f4 Qb6 10. c4 Bb4+ 11. Ke2 f5 12. Nf2 Ba6 13. Kf3 Ne7 14. Be3 Bc5
15. Bxc5 Qxc5 16. Qd6 Qa5 17. Be2 Nc8 18. Qd3 Nb6 19. b3 g5 20. g3 gxf4 1/2-1/2

[Event "13. OIBM 2009"]
[Site "Bad Wiessee"]
[Date "2009.11.06"]
[Round "7.4"]
[White "Rozentalis, Eduardas"]
[Black "Chernyshov, Konstantin"]
[Result "1/2-1/2"]
[WhiteElo "2603"]
[BlackElo "2536"]
[PlyCount "31"]
[EventDate "2009.10.31"]

1. e4 c5 2. Nf3 Nc6 3. Bb5 d6 4. O-O Bd7 5. Re1 Nf6 6. h3 e6 7. c3 Ne5 8. Bxd7+
Qxd7 9. d4 Nxf3+ 10. Qxf3 cxd4 11. cxd4 d5 12. e5 Ng8 13. Nc3 Ne7 14. Qd3 Nc6
15. a3 Be7 16. Ne2 1/2-1/2

[Event "13. OIBM 2009"]
[Site "Bad Wiessee"]
[Date "2009.11.06"]
[Round "7.5"]
[White "Kraai, Jesse"]
[Black "Burmakin, Vladimir"]
[Result "1/2-1/2"]
[WhiteElo "2526"]
[BlackElo "2599"]
[PlyCount "33"]
[EventDate "2009.10.31"]

1. Nf3 c6 2. d4 Nf6 3. c4 d5 4. e3 Bf5 5. Nc3 e6 6. Nh4 Bg6 7. Nxg6 hxg6 8. Bd2
Nbd7 9. Qc2 Be7 10. cxd5 cxd5 11. Qb3 O-O 12. Be2 Qb6 13. O-O Rfc8 14. Rfc1
Qxb3 15. axb3 Bb4 16. Be1 a5 17. Kf1 1/2-1/2

[Event "13. OIBM 2009"]
[Site "Bad Wiessee"]
[Date "2009.11.06"]
[Round "7.6"]
[White "Gupta, Abhijeet"]
[Black "Naumann, Alexander"]
[Result "1-0"]
[WhiteElo "2584"]
[BlackElo "2522"]
[PlyCount "89"]
[EventDate "2009.10.31"]

1. d4 Nf6 2. c4 e6 3. Nf3 d5 4. Nc3 dxc4 5. e4 Bb4 6. Bg5 c5 7. Bxc4 cxd4 8.
Nxd4 Bxc3+ 9. bxc3 Qa5 10. Bb5+ Bd7 11. Bxf6 gxf6 12. Bxd7+ Nxd7 13. O-O a6 14.
Rb1 Qc7 15. Qh5 Nc5 16. Rb4 Qe5 17. Qh6 Rc8 18. Nf3 Qxc3 19. Rd4 Ke7 20. e5 Nd7
21. Qh4 Rhg8 22. Kh1 b5 23. h3 Rc4 24. Rxd7+ Kxd7 25. Qxf6 Ke8 26. Rd1 Rc8 27.
Ng5 Qc7 28. Ne4 Kf8 29. Nd6 Rd8 30. Rd4 Rg6 31. Qh8+ Rg8 32. Qxh7 Qc1+ 33. Kh2
Rd7 34. g3 Rg7 35. Qe4 Qc7 36. Qh4 Qc2 37. Qf6 Rg6 38. Qf3 Qc7 39. Qh5 Qc2 40.
Rf4 Kg8 41. Ne4 Qd1 42. Rg4 Kf8 43. Qh8+ Ke7 44. Qh4+ Kf8 45. Nf6 1-0

[Event "13. OIBM 2009"]
[Site "Bad Wiessee"]
[Date "2009.11.06"]
[Round "7.8"]
[White "Hertneck, Gerald"]
[Black "Sokolov, Andrei"]
[Result "1/2-1/2"]
[WhiteElo "2513"]
[BlackElo "2572"]
[PlyCount "77"]
[EventDate "2009.10.31"]

1. Nf3 Nf6 2. c4 e6 3. Nc3 c5 4. e4 Nc6 5. d3 d6 6. g3 Be7 7. Bg2 O-O 8. O-O a6
9. d4 cxd4 10. Nxd4 Bd7 11. Be3 Rc8 12. Rc1 Nxd4 13. Qxd4 Ng4 14. Bd2 Bf6 15.
Qxd6 Rxc4 16. Qd3 Rd4 17. Qe2 Bb5 18. Nxb5 Rxd2 19. Qxg4 axb5 20. Rfd1 Bxb2 21.
Rb1 b4 22. Bf1 Bc3 23. Bc4 Rd4 24. Qe2 Qe7 25. Rxd4 Bxd4 26. Rd1 Qc5 27. Bb3 g6
28. Kg2 Kg7 29. f4 Rd8 30. e5 Qc6+ 31. Kh3 Bb6 32. Rxd8 Bxd8 33. Bc2 Be7 34.
Be4 Qc7 35. Qc2 Bc5 36. Bxb7 Qxb7 37. Qxc5 Qa6 38. Qe7 Qxa2 39. Qf6+ 1/2-1/2

[Event "13. OIBM 2009"]
[Site "Bad Wiessee"]
[Date "2009.11.06"]
[Round "7.9"]
[White "Siebrecht, Sebastian"]
[Black "Yemelin, Vasily"]
[Result "1-0"]
[WhiteElo "2456"]
[BlackElo "2570"]
[PlyCount "81"]
[EventDate "2009.10.31"]

1. d4 Nf6 2. c4 e6 3. Nf3 b6 4. g3 Ba6 5. Qc2 Bb4+ 6. Bd2 Be7 7. Bg2 c6 8. c5
O-O 9. b4 Bb7 10. Nc3 Nd5 11. Rb1 d6 12. Ne4 dxc5 13. bxc5 Ba6 14. Ne5 f5 15.
cxb6 axb6 16. Nc3 Bf6 17. O-O Bxe5 18. dxe5 Nd7 19. Nxd5 cxd5 20. Bb4 Nc5 21.
Bxc5 bxc5 22. Qxc5 Bxe2 23. Rfe1 Bc4 24. Rb6 Re8 25. a3 Qe7 26. Rd6 Rec8 27.
Qe3 Rcb8 28. Rc1 Rc8 29. h4 Kf7 30. g4 Qxh4 31. gxf5 exf5 32. e6+ Kf8 33. Rd7
Re8 34. Qe5 Qg5 35. Rc3 Rab8 36. Rg3 Rb1+ 37. Kh2 Qh6+ 38. Bh3 Rxe6 39. Qxf5+
Qf6 40. Qxe6 Qxf2+ 41. Bg2 1-0

[Event "13. OIBM 2009"]
[Site "Bad Wiessee"]
[Date "2009.11.06"]
[Round "7.10"]
[White "Morawietz, Dieter"]
[Black "Friedel, Joshua E"]
[Result "1/2-1/2"]
[WhiteElo "2449"]
[BlackElo "2555"]
[PlyCount "84"]
[EventDate "2009.10.31"]

1. e4 e5 2. Nf3 Nc6 3. Bb5 a6 4. Ba4 Nf6 5. O-O Be7 6. Re1 b5 7. Bb3 d6 8. c3
O-O 9. h3 Na5 10. Bc2 c5 11. d4 Nd7 12. Nbd2 exd4 13. cxd4 Nc6 14. d5 Nce5 15.
Nf1 Nxf3+ 16. Qxf3 Ne5 17. Qe2 f5 18. exf5 Bxf5 19. Bxf5 Rxf5 20. Ng3 Rf7 21.
Bd2 c4 22. Rf1 Nd3 23. b3 Bf6 24. Rab1 Bd4 25. Be3 Qh4 26. bxc4 bxc4 27. Bxd4
Qxd4 28. Qe6 Nf4 29. Qxd6 Qxd5 30. Qxd5 Nxd5 31. Rbc1 Rc8 32. Rfd1 Nb6 33. Ne4
Rc6 34. Rd4 h6 35. Kf1 Rf5 36. Rd8+ Kh7 37. Nc3 h5 38. Rd4 Ra5 39. Rc2 Re6 40.
h4 Rae5 41. g3 Re1+ 42. Kg2 R1e5 1/2-1/2

[Event "13. OIBM 2009"]
[Site "Bad Wiessee"]
[Date "2009.11.07"]
[Round "8.1"]
[White "Gupta, Abhijeet"]
[Black "Iordachescu, Viorel"]
[Result "1-0"]
[WhiteElo "2584"]
[BlackElo "2607"]
[PlyCount "105"]
[EventDate "2009.10.31"]

1. d4 Nf6 2. c4 e6 3. Nf3 d5 4. Nc3 Be7 5. Bf4 O-O 6. e3 Nbd7 7. c5 c6 8. b4 b6
9. a3 Nh5 10. Bd3 Nxf4 11. exf4 bxc5 12. bxc5 Qa5 13. Qd2 Bd8 14. O-O Ba6 15.
Bxa6 Qxa6 16. Na2 Rb8 17. Nb4 Qc8 18. Qc2 a5 19. Nd3 Bc7 20. Qa4 Qb7 21. Nd2
Qb5 22. Qc2 Qa6 23. Rfe1 Rfe8 24. Re3 f6 25. Rae1 Nf8 26. h4 Qc8 27. h5 Qd7 28.
Qd1 Qf7 29. a4 Qd7 30. Qe2 Re7 31. Nf3 Rf7 32. Nh4 g6 33. Rh3 Rg7 34. Nf3 Qc8
35. Nh2 gxh5 36. Rxh5 Qe8 37. f5 Kh8 38. Rh6 e5 39. Nf4 Rg5 40. Rxf6 e4 41. Nh3
Rg8 42. Qe3 Bd8 43. Rd6 Bc7 44. Rh6 Qd7 45. Rh5 Qf7 46. Qh6 Qg7 47. Qxg7+ Rxg7
48. Rh6 Rb4 49. Rxc6 Rxd4 50. f6 Rd7 51. Ng4 h5 52. Ne3 Nh7 53. Nf5 1-0

[Event "13. OIBM 2009"]
[Site "Bad Wiessee"]
[Date "2009.11.07"]
[Round "8.2"]
[White "Kunin, Vitaly"]
[Black "Milov, Leonid"]
[Result "1-0"]
[WhiteElo "2544"]
[BlackElo "2558"]
[PlyCount "73"]
[EventDate "2009.10.31"]

1. d4 d5 2. c4 c6 3. Nf3 Nf6 4. Nc3 dxc4 5. a4 Bf5 6. Ne5 Nbd7 7. Nxc4 Nb6 8.
Ne5 a5 9. g3 Nfd7 10. Nxd7 Qxd7 11. e4 Bh3 12. Bxh3 Qxh3 13. Qb3 Ra6 14. Bf4 e6
15. Be5 f6 16. Bc7 Bb4 17. O-O-O O-O 18. Ne2 g5 19. Bxb6 Rxb6 20. Kb1 Re8 21.
Qe3 Bf8 22. f4 Bh6 23. Qf3 f5 24. fxg5 Bxg5 25. Rhf1 Qg4 26. exf5 Qxf5+ 27.
Qxf5 exf5 28. Nc3 Rf8 29. Kc2 Bh6 30. d5 Rb4 31. d6 Bg5 32. d7 Bd8 33. Rfe1 f4
34. Re8 f3 35. b3 f2 36. Rf1 Rd4 37. Rxf2 1-0

[Event "13. OIBM 2009"]
[Site "Bad Wiessee"]
[Date "2009.11.07"]
[Round "8.3"]
[White "Krivoborodov, Egor"]
[Black "Heinz, Axel"]
[Result "1-0"]
[WhiteElo "2453"]
[BlackElo "2436"]
[PlyCount "71"]
[EventDate "2009.10.31"]

1. e4 e6 2. d4 d5 3. Nc3 Bb4 4. e5 c5 5. a3 Bxc3+ 6. bxc3 Ne7 7. Qg4 Qa5 8. Bd2
O-O 9. Nf3 Nbc6 10. Bd3 f5 11. exf6 Rxf6 12. Qh5 Nf5 13. g4 c4 14. gxf5 cxd3
15. Rg1 Bd7 16. Qg5 Rf7 17. f6 Qd8 18. Ne5 Nxe5 19. dxe5 dxc2 20. Be3 Rc8 21.
Kd2 Ba4 22. Bd4 Kh8 23. h4 Qf8 24. f4 a5 25. h5 b5 26. f5 Qe8 27. Qg4 Rc6 28.
Rg3 Qc8 29. h6 g6 30. fxg6 hxg6 31. Qxg6 Rcc7 32. Rh1 Rh7 33. Qg7+ Rcxg7 34.
hxg7+ Kg8 35. Rxh7 Kxh7 36. f7 1-0

[Event "13. OIBM 2009"]
[Site "Bad Wiessee"]
[Date "2009.11.07"]
[Round "8.4"]
[White "Friedel, Joshua E"]
[Black "Siebrecht, Sebastian"]
[Result "1-0"]
[WhiteElo "2555"]
[BlackElo "2456"]
[PlyCount "131"]
[EventDate "2009.10.31"]

1. e4 e5 2. Nf3 Nf6 3. d4 Nxe4 4. Bd3 d5 5. dxe5 Be7 6. O-O Nc5 7. Bb5+ c6 8.
Be2 O-O 9. Be3 Nbd7 10. Nbd2 f6 11. exf6 Nxf6 12. c4 Kh8 13. Rc1 Ne6 14. Nb3
Ng4 15. cxd5 Nxe3 16. fxe3 cxd5 17. Bd3 Qe8 18. Bb1 Qh5 19. Qd3 Bd6 20. h3 Bd7
21. Rcd1 Bc6 22. Nbd4 Nc5 23. Qc2 Ba4 24. b3 Bd7 25. Ng5 Be8 26. Qxh7+ Qxh7 27.
Nxh7 Rxf1+ 28. Rxf1 Bd7 29. Ng5 Be7 30. Nf7+ Kg8 31. Ne5 Bg5 32. Kf2 Re8 33.
Ndf3 Bh6 34. g4 Bb5 35. Rc1 Ne4+ 36. Bxe4 dxe4 37. Rc5 Bf1 38. Kxf1 Bxe3 39.
Rc3 Bb6 40. Ng5 Bd4 41. Rc4 Bxe5 42. Rxe4 Rf8+ 43. Ke2 Bf6 44. Ne6 Rc8 45. g5
Ba1 46. g6 Bf6 47. Rc4 Re8 48. Kf3 b5 49. Rc7 a5 50. Ra7 Bc3 51. Kg4 Rb8 52.
Kf5 Re8 53. Rb7 b4 54. Ra7 Rb8 55. Rxa5 Re8 56. Nc7 Rf8+ 57. Ke4 Rc8 58. Ra8
Rxa8 59. Nxa8 Kf8 60. Nc7 Be1 61. Ne6+ Ke7 62. Nxg7 Kf6 63. Nf5 Kxg6 64. Nd4
Kh5 65. Kd3 Bc3 66. a4 1-0

[Event "13. OIBM 2009"]
[Site "Bad Wiessee"]
[Date "2009.11.07"]
[Round "8.5"]
[White "Bykhovsky, Anatoly"]
[Black "Rozentalis, Eduardas"]
[Result "1/2-1/2"]
[WhiteElo "2474"]
[BlackElo "2603"]
[PlyCount "52"]
[EventDate "2009.10.31"]

1. d4 Nf6 2. c4 e6 3. Nf3 b6 4. g3 Bb7 5. Bg2 Be7 6. O-O O-O 7. Re1 a5 8. Nc3
Ne4 9. Bd2 d5 10. cxd5 exd5 11. Rc1 Nd7 12. Bf4 c5 13. Nxe4 dxe4 14. Nd2 Nf6
15. Be5 Re8 16. Qc2 Qd5 17. Nc4 Qe6 18. Bxf6 Qxf6 19. Bxe4 Bxe4 20. Qxe4 cxd4
21. Qd3 Rad8 22. a3 Qe6 23. Rcd1 g6 24. Nd2 Kg7 25. Rc1 Rd6 26. Rc2 Qd5 1/2-1/2

[Event "13. OIBM 2009"]
[Site "Bad Wiessee"]
[Date "2009.11.07"]
[Round "8.6"]
[White "Khenkin, I."]
[Black "Wohl, A."]
[Result "1-0"]
[WhiteElo "2613"]
[BlackElo "2417"]
[PlyCount "95"]
[EventDate "2009.10.31"]

1. d4 g6 2. e4 Bg7 3. Nc3 a6 4. f4 d6 5. Nf3 Nd7 6. Be3 b5 7. e5 Bb7 8. Bd3 e6
9. a4 b4 10. Ne4 Ne7 11. exd6 Nf5 12. dxc7 Qxc7 13. Qd2 O-O 14. Bf2 Nd6 15.
Nfg5 Nf6 16. Nxf6+ Bxf6 17. O-O h6 18. Nf3 Ne4 19. Bxe4 Bxe4 20. Ne5 Qb7 21.
Be3 Rfd8 22. Rac1 Bg7 23. Qf2 f6 24. Nd3 Bxd3 25. cxd3 Rac8 26. Rc4 Rxc4 27.
dxc4 f5 28. b3 Qe4 29. Rd1 g5 30. fxg5 hxg5 31. Qf3 Qc2 32. Bxg5 Rxd4 33. Rc1
Qb2 34. h3 f4 35. Bxf4 e5 36. Be3 Rd8 37. Rf1 Qxb3 38. Qf7+ Kh8 39. Qh5+ Kg8
40. Qf7+ Kh8 41. Bh6 Bxh6 42. Qf6+ Kh7 43. Qxd8 Qxc4 44. Qd7+ Bg7 45. Qf5+ Kg8
46. Rd1 Qc5+ 47. Kh2 b3 48. Rd8+ 1-0

[Event "13. OIBM 2009"]
[Site "Bad Wiessee"]
[Date "2009.11.07"]
[Round "8.7"]
[White "Boguslavskyy, Oleg"]
[Black "Burmakin, Vladimir"]
[Result "1/2-1/2"]
[WhiteElo "2442"]
[BlackElo "2599"]
[PlyCount "96"]
[EventDate "2009.10.31"]

1. e4 b6 2. d4 Bb7 3. Nc3 e6 4. Nf3 Bb4 5. Bd3 Nf6 6. Bg5 h6 7. Bxf6 Qxf6 8.
O-O Bxc3 9. bxc3 O-O 10. Nd2 d6 11. f4 Nd7 12. e5 Qe7 13. Qg4 f5 14. exf6 Nxf6
15. Qe2 Qf7 16. c4 Rae8 17. Rae1 Kh8 18. c3 Re7 19. Nf3 Qh5 20. g3 Bxf3 21.
Qxf3 Qxf3 22. Rxf3 Nd7 23. Rfe3 e5 24. Bf1 Ref7 25. dxe5 dxe5 26. fxe5 Re7 27.
Bh3 Nc5 28. Bg2 g6 29. Bd5 Kg7 30. Kg2 Nd7 31. g4 Rfe8 32. e6 Nc5 33. Kg3 g5
34. h4 gxh4+ 35. Kxh4 Rf8 36. Kg3 Rf6 37. R1e2 c6 38. Bxc6 Rfxe6 39. Rxe6 Rxe6
40. Rxe6 Nxe6 41. Kf3 Nc5 42. Ke3 Kf6 43. Kd4 Kg5 44. Bf3 Kf4 45. Bd1 Ne4 46.
Bc2 Nc5 47. Bd1 Ne4 48. Bc2 Nc5 1/2-1/2

[Event "13. OIBM 2009"]
[Site "Bad Wiessee"]
[Date "2009.11.07"]
[Round "8.9"]
[White "Pezerovic, E."]
[Black "Sokolov, A."]
[Result "1/2-1/2"]
[WhiteElo "2447"]
[BlackElo "2572"]
[PlyCount "67"]
[EventDate "2009.10.31"]

1. d4 Nf6 2. Nf3 e6 3. c3 c5 4. e3 b6 5. Bd3 d5 6. O-O Nbd7 7. Nbd2 Bb7 8. Qe2
Be7 9. e4 dxe4 10. Nxe4 Nxe4 11. Bxe4 Bxe4 12. Qxe4 O-O 13. Bf4 Nf6 14. Qe2 Qd5
15. Rfd1 h6 16. Ne5 Rad8 17. c4 Qb7 18. Qf3 Qxf3 19. Nxf3 g5 20. Be3 Ng4 21. h3
Nxe3 22. fxe3 f5 23. Kf2 Bf6 24. Ke2 Kf7 25. a4 g4 26. Ne5+ Bxe5 27. dxe5 Rxd1
28. Rxd1 Ke7 29. h4 h5 30. g3 Rd8 31. Rxd8 Kxd8 32. e4 fxe4 33. Ke3 Ke7 34.
Kxe4 1/2-1/2

[Event "13. OIBM 2009"]
[Site "Bad Wiessee"]
[Date "2009.11.07"]
[Round "8.10"]
[White "Chernyshov, Konstantin"]
[Black "Weber, Ulrich"]
[Result "1/2-1/2"]
[WhiteElo "2536"]
[BlackElo "2407"]
[PlyCount "119"]
[EventDate "2009.10.31"]

1. d4 Nf6 2. Bg5 Ne4 3. Bf4 d5 4. e3 c5 5. Nd2 Nf6 6. c3 Nc6 7. Ngf3 Qb6 8. Qc2
g6 9. h3 Bg7 10. Be2 O-O 11. O-O Bf5 12. Qb3 c4 13. Qxb6 axb6 14. g4 Bc8 15. a4
Bd7 16. Bc7 Rfc8 17. Bxb6 Be8 18. a5 Nd7 19. b4 Ncb8 20. e4 e6 21. g5 Nxb6 22.
axb6 Nd7 23. Ra7 Rcb8 24. e5 Nxb6 25. Rfa1 Rxa7 26. Rxa7 Bf8 27. Bd1 Be7 28.
Kf1 h6 29. h4 hxg5 30. hxg5 Bc6 31. Ke2 Ra8 32. Rxa8+ Nxa8 33. Nf1 Nb6 34. Kd2
Ba4 35. Bxa4 Nxa4 36. Kc2 Nb6 37. Ne3 Kf8 38. Ng4 Na8 39. Nf6 Nc7 40. Ng1 Nb5
41. Ne2 Bxf6 42. gxf6 Kg8 43. Ng1 Kh7 44. Nh3 Kh6 45. f4 Kh7 46. Kd2 Kg8 47.
Nf2 Kh7 48. Nd1 Nc7 49. b5 Nxb5 50. Nb2 Na7 51. Na4 b5 52. Nc5 Nc6 53. Na6 Kg8
54. Kc2 b4 55. Nxb4 Nxb4+ 56. cxb4 Kf8 57. b5 Ke8 58. Kb2 Kd7 59. Ka3 Kc7 60.
Ka4 1/2-1/2

[Event "13. OIBM 2009"]
[Site "Bad Wiessee"]
[Date "2009.11.08"]
[Round "9.2"]
[White "Iordachescu, Viorel"]
[Black "Krivoborodov, Egor"]
[Result "1-0"]
[WhiteElo "2607"]
[BlackElo "2453"]
[PlyCount "85"]
[EventDate "2009.10.31"]

1. e4 c5 2. Nf3 Nc6 3. d4 cxd4 4. Nxd4 Nf6 5. Nc3 d6 6. Bg5 Qb6 7. Nb3 e6 8.
Bf4 Ne5 9. Be3 Qc7 10. f4 Nc6 11. g4 a6 12. g5 Nd7 13. Qe2 b5 14. O-O-O Bb7 15.
Kb1 Be7 16. Bg2 Rc8 17. h4 Na5 18. Bd4 b4 19. Nd5 exd5 20. Nxa5 Qxa5 21. exd5
Qb5 22. Rhe1 Qxe2 23. Rxe2 Kd8 24. Bxg7 Rg8 25. Bd4 Bf8 26. Rde1 Bg7 27. Bxg7
Rxg7 28. Bh3 Rc4 29. Re8+ Kc7 30. Bxd7 Rxf4 31. b3 Bxd5 32. R1e7 Kb6 33. Rb8+
Kc7 34. Rc8+ Kb6 35. Ba4 Bg2 36. Rb8+ Ka5 37. Bb5 Bf1 38. Bxf1 Rxf1+ 39. Kb2
Rf4 40. a3 Rxh4 41. Reb7 bxa3+ 42. Kxa3 Rh3 43. Rb4 1-0

[Event "13. OIBM 2009"]
[Site "Bad Wiessee"]
[Date "2009.11.08"]
[Round "9.3"]
[White "Kraai, Jesse"]
[Black "Khenkin, Igor"]
[Result "1/2-1/2"]
[WhiteElo "2526"]
[BlackElo "2613"]
[PlyCount "42"]
[EventDate "2009.10.31"]

1. Nf3 d5 2. d4 Nf6 3. c4 e6 4. g3 dxc4 5. Bg2 c6 6. O-O b5 7. Ne5 Bb7 8. a4
Qc8 9. b3 cxb3 10. Qxb3 b4 11. Nd2 c5 12. Bb2 Bxg2 13. Kxg2 Qb7+ 14. Qf3 Qxf3+
15. Ndxf3 Nbd7 16. a5 Nxe5 17. Nxe5 Nd7 18. dxc5 f6 19. Nc6 Nxc5 20. Rfd1 a6
21. Rab1 Nb7 1/2-1/2

[Event "13. OIBM 2009"]
[Site "Bad Wiessee"]
[Date "2009.11.08"]
[Round "9.4"]
[White "Hertneck, Gerald"]
[Black "Friedel, Joshua E"]
[Result "1-0"]
[WhiteElo "2513"]
[BlackElo "2555"]
[PlyCount "69"]
[EventDate "2009.10.31"]

1. d4 Nf6 2. c4 e6 3. g3 d5 4. Bg2 Be7 5. Nf3 O-O 6. O-O dxc4 7. Ne5 Nc6 8.
Nxc6 bxc6 9. Na3 Bxa3 10. bxa3 Nd5 11. Qa4 Rb8 12. Qxc4 Rb6 13. Re1 Ba6 14. Qc5
f5 15. a4 f4 16. Ba3 Rf7 17. a5 fxg3 18. hxg3 Rb8 19. e4 Qf6 20. f3 Rb5 21.
Qxa7 Nb4 22. Bxb4 Rxb4 23. e5 Qd8 24. Qxa6 Qxd4+ 25. Kh2 Rf5 26. Qc8+ Kf7 27.
Qxc7+ Kg6 28. g4 Rxf3 29. Qxc6 Rf2 30. Qxe6+ Kg5 31. Qe7+ Kxg4 32. Qxg7+ Kh5
33. Qxh7+ Kg5 34. Qg7+ Kh5 35. Rh1 1-0

[Event "13. OIBM 2009"]
[Site "Bad Wiessee"]
[Date "2009.11.08"]
[Round "9.5"]
[White "Morawietz, Dieter"]
[Black "Rozentalis, Eduardas"]
[Result "0-1"]
[WhiteElo "2449"]
[BlackElo "2603"]
[PlyCount "60"]
[EventDate "2009.10.31"]

1. e4 e6 2. d4 d5 3. Nc3 Bb4 4. e5 c5 5. a3 Bxc3+ 6. bxc3 Ne7 7. Nf3 Bd7 8. Bd3
Nbc6 9. O-O Qa5 10. Re1 f6 11. Rb1 c4 12. Bf1 O-O-O 13. exf6 gxf6 14. Bh6 Nf5
15. Bd2 h5 16. Qc1 Rdg8 17. a4 h4 18. h3 Nd6 19. Bf4 Ne4 20. Qb2 b6 21. Re3 Ne7
22. Bh2 Bc6 23. Ra1 Nf5 24. Ree1 Nfg3 25. Ra3 Qa6 26. fxg3 hxg3 27. Re3 Qb7 28.
Qc1 Rxh3 29. gxh3 gxh2+ 30. Kh1 Qg7 0-1

[Event "13. OIBM 2009"]
[Site "Bad Wiessee"]
[Date "2009.11.08"]
[Round "9.6"]
[White "Burmakin, Vladimir"]
[Black "Heinz, Axel"]
[Result "1/2-1/2"]
[WhiteElo "2599"]
[BlackElo "2436"]
[PlyCount "105"]
[EventDate "2009.10.31"]

1. Nf3 Nf6 2. c4 e6 3. g3 d5 4. Bg2 dxc4 5. Qa4+ Nbd7 6. Qxc4 a6 7. Qc2 c5 8.
d4 b6 9. Ne5 Nd5 10. Nc3 Nxe5 11. dxe5 Bb7 12. O-O Qc7 13. Nxd5 Bxd5 14. Bxd5
exd5 15. Bf4 Qc6 16. Rfd1 Be7 17. Qd3 d4 18. Rac1 Qe6 19. Qc4 O-O 20. Qxe6 fxe6
21. Bd2 Kf7 22. f4 Kg6 23. e3 dxe3 24. Bxe3 Rad8 25. g4 h5 26. h3 hxg4 27. hxg4
Kf7 28. Kg2 g6 29. Rxd8 Rxd8 30. Rh1 Bf8 31. Kf3 Rd5 32. Ke4 Bg7 33. b4 g5 34.
bxc5 gxf4 35. Bxf4 Rxc5 36. Rd1 Rc4+ 37. Kf3 Ra4 38. Rd7+ Kg6 39. Re7 Ra3+ 40.
Ke4 Ra4+ 41. Kf3 Ra3+ 42. Be3 b5 43. Rxe6+ Kf7 44. Rc6 Bxe5 45. Ke4 Ba1 46.
Rc7+ Ke6 47. Rc6+ Kf7 48. Rc2 Ke6 49. g5 Ra4+ 50. Kf3 Kf5 51. Rc5+ Kg6 52. Rc6+
Kf5 53. Rc5+ 1/2-1/2

[Event "13. OIBM 2009"]
[Site "Bad Wiessee"]
[Date "2009.11.08"]
[Round "9.7"]
[White "Sokolov, Andrei"]
[Black "Roy Chowdhury, Saptarshi"]
[Result "1-0"]
[WhiteElo "2572"]
[BlackElo "2436"]
[PlyCount "63"]
[EventDate "2009.10.31"]

1. e4 c5 2. Nf3 Nc6 3. d4 cxd4 4. Nxd4 e5 5. Nb5 d6 6. N1c3 a6 7. Na3 b5 8. Nd5
Nge7 9. c4 Nd4 10. cxb5 Nxd5 11. exd5 Be7 12. Bc4 axb5 13. Nxb5 Ba6 14. Na3 Qc8
15. Qd3 O-O 16. O-O Bf6 17. Rd1 e4 18. Qf1 Rd8 19. Bd2 Bb7 20. Rac1 Qg4 21. Bc3
Nf3+ 22. Kh1 Ne5 23. Nc2 Qh5 24. Ne3 Nxc4 25. Qxc4 Bxc3 26. Rxc3 f5 27. Qd4 Rd7
28. Nc4 Rf8 29. Re1 f4 30. Rxe4 Bxd5 31. Re1 f3 32. g4 1-0

[Event "13. OIBM 2009"]
[Site "Bad Wiessee"]
[Date "2009.11.08"]
[Round "9.8"]
[White "Smirnov, Artem"]
[Black "Yemelin, Vasily"]
[Result "1/2-1/2"]
[WhiteElo "2432"]
[BlackElo "2570"]
[PlyCount "113"]
[EventDate "2009.10.31"]

1. d4 e6 2. c4 Nf6 3. Nc3 Bb4 4. Nf3 b6 5. Qb3 c5 6. a3 Ba5 7. Bg5 Bb7 8. dxc5
Na6 9. c6 Bxc6 10. Qc2 Bxc3+ 11. Qxc3 Nc5 12. Nd2 d6 13. b4 Ncd7 14. f3 h6 15.
Bh4 O-O 16. e3 Re8 17. Bg3 e5 18. Be2 Rc8 19. O-O b5 20. Qb2 a6 21. Rac1 Nb6
22. Rfd1 Qe7 23. Bh4 g5 24. Bf2 bxc4 25. Nxc4 Nxc4 26. Bxc4 Bb5 27. Bb3 e4 28.
Rxc8 Rxc8 29. Rc1 Rxc1+ 30. Qxc1 exf3 31. gxf3 d5 32. Qc8+ Kg7 33. Qc3 Qe6 34.
Kg2 Bd7 35. Bg3 Qh3+ 36. Kf2 Bb5 37. Qa1 Bd3 38. Bxd5 Kg6 39. Bb7 Nh5 40. Qd1
Nxg3 41. Qxd3+ Nf5 42. Kg1 g4 43. Qf1 Qh5 44. fxg4 Qxg4+ 45. Qg2 Qxg2+ 46. Bxg2
Nxe3 47. Be4+ Kf6 48. Bd3 Ke6 49. Kf2 Ng4+ 50. Kg3 Ne3 51. Kf3 Nf5 52. Ke4 Nd6+
53. Kd4 Nb5+ 54. Kc5 Nxa3 55. Bxa6 Ke5 56. b5 Nxb5 57. Bxb5 1/2-1/2

[Event "13. OIBM 2009"]
[Site "Bad Wiessee"]
[Date "2009.11.08"]
[Round "9.9"]
[White "Milov, Leonid"]
[Black "Ringoir, Tanguy"]
[Result "1-0"]
[WhiteElo "2558"]
[BlackElo "2399"]
[PlyCount "59"]
[EventDate "2009.10.31"]

1. e4 c6 2. d4 d5 3. Nd2 dxe4 4. Nxe4 Bf5 5. Ng3 Bg6 6. Bc4 e6 7. N1e2 Nf6 8.
h4 h6 9. Nf4 Bh7 10. c3 Nd5 11. Qe2 Qe7 12. Bd3 Bxd3 13. Nxd3 Nd7 14. Bd2 c5
15. c4 N5b6 16. Nxc5 Nxc5 17. dxc5 Qxc5 18. b3 Qd4 19. Rd1 Rd8 20. Ne4 Qb2 21.
Qf3 Qxa2 22. O-O Be7 23. Qg3 Qc2 24. Qxg7 Rf8 25. Rfe1 f5 26. Qg6+ Rf7 27. Nf6+
Bxf6 28. Rxe6+ Kd7 29. Qxf7+ Kc8 30. Rf1 1-0

[Event "13. OIBM 2009"]
[Site "Bad Wiessee"]
[Date "2009.11.08"]
[Round "9.10"]
[White "Parligras, Mircea Emilian"]
[Black "Welling, Gerard"]
[Result "1-0"]
[WhiteElo "2547"]
[BlackElo "2372"]
[PlyCount "43"]
[EventDate "2009.10.31"]

1. e4 e6 2. d4 d5 3. Nd2 dxe4 4. Nxe4 Be7 5. Nf3 Nf6 6. Bd3 Nxe4 7. Bxe4 Nd7 8.
c3 Nf6 9. Bc2 c5 10. O-O O-O 11. Bg5 b6 12. Qd3 g6 13. Rad1 Bb7 14. Bh6 Re8 15.
Ba4 Bf8 16. Bg5 h6 17. Bxe8 hxg5 18. Bxf7+ Kxf7 19. Nxg5+ Kg8 20. Qxg6+ Bg7 21.
Qf7+ Kh8 22. Qxb7 1-0